00490nam a2200217Ia 4500003000900000008004100009040001300050040001300063041000800076041000800084100002600092100001300118245006300131250001000194260001200204260000900216300001100225300001200236490001500248490000900263IT-RoPAU120407s9999 xx 000 0 und d aIT-RoPAU cIT-RoPAU afra bgre aFirmiliano di Cesarea dsec. III aLettres. Intr. Calvet-Sebasti Marie-Ange. (greco-francese) aParis aDu Cerf c1989 a206 p. c19,5 cm aSources C. v1350